ბათუმის შოთა რუსთაველის სახელმწიფო უნივერსიტეტის ბიბლიოთეკა

გალენური პრეპარატების ტექნოლოგია : (ბიბ.ჩანაწერი № 57786)

000 -ლიდერი
ფიქსირებული სიგრძის საკონტროლო ველი 01521nam a22002297a 4500
003 - საკონტროლო ნომრის იდენტიფიკატორი
საკონტროლო ველი Ge_BSU
005 - ბოლო ოპერაციის თარიღი და დრო
საკონტროლო ველი 20201130143726.0
008 - ფიქსირებული სიგრძის მონაცემთა ელემენტები - ზოგადი ინფორმაცია
ფიქსირებული სიგრძის საკონტროლო ველი 201130s2016 ge ||||| |||| 00| 0 geo d
041 ## - ენის კოდი
Language code of text/sound track or separate title geo
080 ## - უნივერსალური ათობითი კლასიფიკაციის ინდექსი
Universal Decimal Classification number 615.11 ბ-19
100 ## - მთავარი ჩანაწერი - პიროვნების სახელი
Personal name ბაკურიძე, ალიოშა
9 (RLIN) 2889
245 ## - ცნობა სათაურის შესახებ
Title გალენური პრეპარატების ტექნოლოგია :
Remainder of title (პრაქტიკული კურსი); სახელმძღვანელო - თბილისის სახელმწიფო სამედიცინო უნივერსიტეტის ფარმაციის ფაკულტეტის სტუდენტებისათვის /
Statement of responsibility, etc ალიოშა ბაკურიძე, გულნარა მიქაია, ლაშა ბაკურიძე; რედ. პროფ. ვ. ერიაშვილი.
264 ## - წარმოების, გამოცემის, დისტრიბუციის და სხვა ცნობები
გამოცემის, წარმოების, დისტრიბუციის... ადგილი თბილისი:
გამოცემის, წარმოების, დისტრიბუციის... სახელწოდება თსსუ,
გამოცემის, წარმოების, დისტრიბუციის... თარიღი 2016.
300 ## - ფიზიკური აღწერა
Extent 208 გვ.:
Other physical details სურ., ცხ., სქემ.
Dimensions 28 სმ.
504 ## - BIBLIOGRAPHY, ETC. NOTE
Bibliography, etc ბიბლიოგრ. გვ. 206
653 ## - INDEX TERM--UNCONTROLLED
Uncontrolled term ფარმაცია
653 ## - INDEX TERM--UNCONTROLLED
Uncontrolled term გალენური პრეპარატები - ტექნოლოგია
700 ## - ADDED ENTRY--PERSONAL NAME
Personal name მიქაია, გულნარა
Relator term ავტორი
9 (RLIN) 9795
700 ## - ADDED ENTRY--PERSONAL NAME
Personal name ბაკურიძე, ლაშა
Relator term ავტორი
9 (RLIN) 9796
700 ## - ADDED ENTRY--PERSONAL NAME
Personal name ერიაშვილი, ვ.
Relator term რედაქტორი
9 (RLIN) 9797
942 ## - ADDED ENTRY ELEMENTS (KOHA)
Source of classification or shelving scheme
Koha item type წიგნი
ეგზემპლარები
ჩამოწერის სტატუსი დაკარგული ეგზემპლარის სტატუსი კლასიფიკაციის წყარო ან თაროზე გაწყობის სქემა დაზიანების სტატუსი არ გაიცემა მუდმივი მდებარეობა (დაცვის ადგილი) ამჟამინდელი ადგილსამყოფელი თაროზე განთავსების ადგილი შეძენის თარიღი ღირებულება, შესყიდვის ნორმალური ფასი სრული შენახვის შიფრი შტრიხკოდი ბოლო ოპერაციის თარიღი ეგზემპლარის მიმდევრობითი ნომერი (კეტერი?) ფასის ძალაში შესვლის თარიღი ეგზემპლარის სახეობა საჯარო შენიშვნა
          ბათუმის შოთა რუსთაველის სახელმწიფო უნივერსიტეტის მთავარი ბიბლიოთეკა ბათუმის შოთა რუსთაველის სახელმწიფო უნივერსიტეტის მთავარი ბიბლიოთეკა წიგნსაცავი 2020-11-30 12.00 615.11 ბ-19 61133 2020-11-30 61133 2020-11-30 წიგნი 12 ლ.